[Event "1. Bundesliga 2013/2014"]
[Site "Jenbach, Wolfsberg, St. Veit/Glan"]
[Date "2014.01.31"]
[Round "5"]
[Board "2"]
[White "Weiss, Christian"]
[Black "Poetsch, Hagen"]
[Result "1/2-1/2"]
[WhiteElo "2386"]
[BlackElo "2479"]
[PlyCount "121"]
[EventDate "2013.12.06"]
[EventType "team"]
[EventRounds "11"]
[EventCountry "AUT"]
[WhiteTeam "Union Ansfelden"]
[BlackTeam "SK Advisory Invest Baden"]

1. Nf3 Nf6 2. c4 c6 3. e3 d5 4. Nc3 e6 5. b3 a6 6. Qc2 c5 7. Bd3 Nc6 8. a3 d4
9. Ne4 Ng4 10. Bb2 f5 11. Ng3 g6 12. exd4 cxd4 13. O-O Bg7 14. h3 Nh6 15. Rfe1
O-O 16. c5 e5 17. Bc4+ Kh8 18. d3 Qc7 19. b4 Bd7 20. h4 Rae8 21. Ng5 Nd8 22.
Re2 Ng4 23. Rae1 Bc6 24. Bc1 h6 25. Nf3 b5 26. cxb6 Qb7 27. Nh2 Nxh2 28. Kxh2
Bxg2 29. f4 Bf3 30. Rxe5 Bxe5 31. fxe5 Qe7 32. Kg1 f4 33. Nf1 Qxh4 34. Qh2 Qg5+
35. Kf2 Bh5 36. Bb2 Nc6 37. e6 Kh7 38. Nd2 Ne5 39. Rxe5 Qxe5 40. Ne4 Rxe6 41.
Bxe6 Qxe6 42. Qh4 Qf7 43. b7 Qxb7 44. Bxd4 Kg8 45. Nf6+ Rxf6 46. Qxf6 Qf3+ 47.
Kg1 Qg3+ 48. Kf1 Qxd3+ 49. Kg1 Qd1+ 50. Kf2 Qe2+ 51. Kg1 Qe1+ 52. Kg2 f3+ 53.
Kh3 Qh1+ 54. Kg3 Qg2+ 55. Kf4 Qg4+ 56. Ke3 Qg5+ 57. Qxg5 hxg5 58. a4 f2 59.
Kxf2 Bd1 60. b5 Bxa4 61. bxa6 1/2-1/2

[Event "1. Bundesliga 2013/2014"]
[Site "Jenbach, Wolfsberg, St. Veit/Glan"]
[Date "2014.01.31"]
[Round "5"]
[Board "3"]
[White "Tuncer, Ufuk"]
[Black "Knoll, Hermann"]
[Result "1-0"]
[WhiteElo "2345"]
[BlackElo "2302"]
[PlyCount "119"]
[EventDate "2013.12.06"]
[EventType "team"]
[EventRounds "11"]
[EventCountry "AUT"]
[WhiteTeam "SK Advisory Invest Baden"]
[BlackTeam "Union Ansfelden"]

1. e4 e5 2. Nf3 Nc6 3. Bc4 Nf6 4. Ng5 d5 5. exd5 Na5 6. Bb5+ Bd7 7. Qe2 Be7 8.
Nc3 O-O 9. Bxd7 Qxd7 10. Nf3 e4 11. Nxe4 Nxd5 12. d3 Rae8 13. O-O Nc6 14. Qd1
f5 15. Nc3 Nxc3 16. bxc3 Bf6 17. Bd2 f4 18. Rb1 b6 19. Re1 g5 20. Rxe8 Rxe8 21.
h3 Qf5 22. a4 a6 23. Qf1 Kf7 24. d4 Na5 25. Qd3 Qxd3 26. cxd3 Nc6 27. Kf1 Rd8
28. Re1 b5 29. axb5 axb5 30. Rb1 b4 31. cxb4 Nxd4 32. Nxd4 Bxd4 33. h4 h6 34.
hxg5 hxg5 35. Ke2 Kg6 36. Rc1 Bb6 37. Rc4 Kf5 38. Re4 Ra8 39. g3 Ra2 40. gxf4
gxf4 41. Rxf4+ Ke5 42. Re4+ Kd5 43. f4 Bd4 44. Kd1 Ra1+ 45. Bc1 Rb1 46. Re7 Kc6
47. f5 Rxb4 48. f6 Bc5 49. Re5 Bd6 50. f7 Kd7 51. Re8 Rd4 52. Ke2 c5 53. Be3
Ra4 54. f8=Q Bxf8 55. Rxf8 c4 56. d4 Ra2+ 57. Kf3 c3 58. Ke4 c2 59. Rf1 Ra3 60.
Rc1 1-0

[Event "1. Bundesliga 2013/2014"]
[Site "Jenbach, Wolfsberg, St. Veit/Glan"]
[Date "2014.01.31"]
[Round "5"]
[Board "4"]
[White "Moser, Guenter"]
[Black "Dzierzenga, Stefan"]
[Result "0-1"]
[WhiteElo "2349"]
[BlackElo "2197"]
[PlyCount "48"]
[EventDate "2013.12.06"]
[EventType "team"]
[EventRounds "11"]
[EventCountry "AUT"]
[WhiteTeam "Union Ansfelden"]
[BlackTeam "SK Advisory Invest Baden"]

1. d4 Nf6 2. c4 e6 3. Nf3 d5 4. Nc3 Be7 5. Bg5 O-O 6. e3 h6 7. Bxf6 Bxf6 8. Qc2
c5 9. O-O-O cxd4 10. exd4 Nc6 11. h4 g6 12. c5 b6 13. a3 a5 14. Na4 bxc5 15.
Nxc5 Rb8 16. Rd3 Qd6 17. Rd2 Bd7 18. Kb1 Rfc8 19. Ba6 Nxd4 20. Bxc8 Nxc2 21.
Nxd7 Rxb2+ 22. Kc1 Bg7 23. Rxc2 Rxc2+ 24. Kxc2 Qc7+ 0-1

[Event "1. Bundesliga 2013/2014"]
[Site "Jenbach, Wolfsberg, St. Veit/Glan"]
[Date "2014.01.31"]
[Round "5"]
[Board "5"]
[White "Herndlbauer, Martin"]
[Black "Felsberger, Alfred"]
[Result "1/2-1/2"]
[WhiteElo "2119"]
[BlackElo "2352"]
[PlyCount "59"]
[EventDate "2013.12.06"]
[EventType "team"]
[EventRounds "11"]
[EventCountry "AUT"]
[WhiteTeam "SK Advisory Invest Baden"]
[BlackTeam "Union Ansfelden"]

1. d4 Nf6 2. c4 e6 3. Nc3 Bb4 4. e3 b6 5. Nge2 Ba6 6. a3 Bxc3+ 7. Nxc3 d5 8.
Be2 O-O 9. cxd5 Bxe2 10. Qxe2 exd5 11. b4 Re8 12. O-O Nc6 13. Qf3 Qd7 14. Bb2
Re6 15. Rfc1 Ne7 16. Rc2 Ne4 17. Rac1 c6 18. Qd1 f5 19. Ne2 g5 20. Bc3 Rf8 21.
Be1 Nd6 22. a4 Nc4 23. b5 cxb5 24. axb5 Qxb5 25. Nc3 Qd7 26. Nxd5 Nxd5 27. Rxc4
a5 28. Bd2 g4 29. Qb3 Kh8 30. Qd3 1/2-1/2

[Event "1. Bundesliga 2013/2014"]
[Site "Jenbach, Wolfsberg, St. Veit/Glan"]
[Date "2014.01.31"]
[Round "5"]
[Board "6"]
[White "Ennsberger, Ulrich"]
[Black "Juenger, Heinz"]
[Result "1-0"]
[WhiteElo "2339"]
[BlackElo "2114"]
[PlyCount "76"]
[EventDate "2013.12.06"]
[EventType "team"]
[EventRounds "11"]
[EventCountry "AUT"]
[WhiteTeam "Union Ansfelden"]
[BlackTeam "SK Advisory Invest Baden"]

1. d4 Nf6 2. Bg5 Ne4 3. Bf4 c5 4. d5 Qb6 5. Nd2 Qxb2 6. Nxe4 Qb4+ 7. Qd2 Qxe4
8. e3 e5 9. dxe6 Qxe6 10. Nf3 Be7 11. c4 Nc6 12. Be2 h6 13. O-O d6 14. Rfd1 Ne5
15. Qb2 Nc6 16. Rab1 O-O 17. Rd5 Nb4 18. Rd2 b6 19. Rbd1 Rd8 20. Be5 Bf8 21.
Bc3 Nc6 22. Ne1 Bb7 23. Nd3 Qxc4 24. Nf4 Qe4 25. Bf3 Qf5 26. Bd5 g5 27. Nh5 Be7
28. Bh8 Qg6 29. g4 Na5 30. Bf6 Re8 31. Bxb7 Nxb7 32. Bxe7 Rxe7 33. Nf6+ Kf8 34.
Rxd6 Nxd6 35. Rxd6 Re6 36. Rxe6 fxe6 37. Qe5 Kf7 38. Ne4 Kg8 {Flag!!} 1-0

[Event "1. Bundesliga 2013/2014"]
[Site "Jenbach, Wolfsberg, St. Veit/Glan"]
[Date "2014.01.31"]
[Round "5"]
[Board "2"]
[White "Mons, Leon"]
[Black "Bauer, Christian"]
[Result "1/2-1/2"]
[WhiteElo "2418"]
[BlackElo "2627"]
[PlyCount "150"]
[EventDate "2013.12.06"]
[EventType "team"]
[EventRounds "11"]
[EventCountry "AUT"]
[WhiteTeam "SIR Bernhard Glatz"]
[BlackTeam "Schachklub Sparkasse Jenbach"]

1. e4 d5 2. exd5 Qxd5 3. Nc3 Qd6 4. d4 c6 5. g3 Nf6 6. Bg2 Bg4 7. Nf3 Nbd7 8.
O-O e6 9. h3 Bh5 10. Re1 Be7 11. a3 Nb6 12. Bf4 Qd8 13. Qe2 O-O 14. Rad1 Nfd5
15. Bd2 Nxc3 16. Bxc3 Nd5 17. Bd2 b5 18. c4 bxc4 19. Qxc4 Qb6 20. b4 Bxf3 21.
Bxf3 Bf6 22. Bc1 a5 23. bxa5 Rxa5 24. Rd3 Rfa8 25. Bd1 g6 26. Bc2 Be7 27. a4
Qb4 28. Qxb4 Nxb4 29. Rc3 Nxc2 30. Rxc2 Rxa4 31. Rxc6 Rxd4 32. Be3 Rd7 33. h4
Kg7 34. Kg2 Ra2 35. Rec1 Bf6 36. R1c2 Rxc2 37. Rxc2 h6 38. Rc8 g5 39. hxg5 hxg5
40. g4 Bd8 41. Rc6 Kg6 42. Kf3 Rd3 43. Kg2 Ba5 44. Ra6 Bc7 45. Ra4 Rb3 46. Rc4
Bb6 47. Bxb6 Rxb6 48. Rc7 Rb4 49. Kg3 f5 50. gxf5+ exf5 51. Rc3 Kh5 52. f3 Rb5
53. Ra3 Rb6 54. Ra5 f4+ 55. Kh3 Rb3 56. Kg2 Kh4 57. Ra2 Rb1 58. Rc2 Rb3 59. Ra2
g4 60. fxg4 Kxg4 61. Rc2 Rg3+ 62. Kf2 Rh3 63. Rc8 Rh2+ 64. Kg1 Re2 65. Kf1 Kf3
66. Rc3+ Re3 67. Rc2 Rb3 68. Rf2+ Kg3 69. Rg2+ Kh3 70. Rg8 Rf3+ 71. Ke2 Rg3 72.
Rf8 Kg4 73. Rg8+ Kh3 74. Rf8 Kg4 75. Rg8+ Kh3 1/2-1/2

[Event "1. Bundesliga 2013/2014"]
[Site "Jenbach, Wolfsberg, St. Veit/Glan"]
[Date "2014.01.31"]
[Round "5"]
[Board "3"]
[White "Schlosser, Philipp"]
[Black "Geske, Julian"]
[Result "1-0"]
[WhiteElo "2612"]
[BlackElo "2390"]
[PlyCount "75"]
[EventDate "2013.12.06"]
[EventType "team"]
[EventRounds "11"]
[EventCountry "AUT"]
[WhiteTeam "Schachklub Sparkasse Jenbach"]
[BlackTeam "SIR Bernhard Glatz"]

1. c4 e5 2. g3 Nf6 3. Bg2 d5 4. cxd5 Nxd5 5. Nc3 Nb6 6. e3 Be7 7. Nge2 O-O 8.
O-O c6 9. Qc2 Be6 10. d4 exd4 11. Nxd4 Qc8 12. Rd1 Bh3 13. b3 Na6 14. Bb2 Rd8
15. e4 Bxg2 16. Kxg2 Nc5 17. Nce2 Ne6 18. Nxe6 Qxe6 19. Nd4 Qg4 20. Nf5 Bf8 21.
a4 a5 22. h3 Qh5 23. Be5 Rxd1 24. Rxd1 Re8 25. Bc7 Nc8 26. Bxa5 g6 27. g4 Qg5
28. Bd2 Qf6 29. Ng3 Nd6 30. f4 Qe6 31. e5 Nc8 32. Ne4 Be7 33. Be3 g5 34. Bc5
gxf4 35. Bxe7 f3+ 36. Kxf3 Rxe7 37. Nf6+ Kf8 38. Rd8+ 1-0

[Event "1. Bundesliga 2013/2014"]
[Site "Jenbach, Wolfsberg, St. Veit/Glan"]
[Date "2014.01.31"]
[Round "5"]
[Board "4"]
[White "Arnaudov, Petar"]
[Black "Acs, Peter"]
[Result "0-1"]
[WhiteElo "2459"]
[BlackElo "2576"]
[PlyCount "86"]
[EventDate "2013.12.06"]
[EventType "team"]
[EventRounds "11"]
[EventCountry "AUT"]
[WhiteTeam "SIR Bernhard Glatz"]
[BlackTeam "Schachklub Sparkasse Jenbach"]

1. Nf3 d5 2. c4 c6 3. g3 Nf6 4. Bg2 Bg4 5. Ne5 Be6 6. cxd5 Bxd5 7. Nf3 c5 8.
Nc3 Bc6 9. O-O e6 10. d3 Be7 11. e4 O-O 12. Qe2 b5 13. a4 b4 14. Nb1 Bb7 15.
Nbd2 Nc6 16. Nc4 Nd7 17. Be3 Nb6 18. Nce5 Nxe5 19. Nxe5 Bf6 20. Nf3 Rc8 21.
Rfd1 Ba6 22. Qc2 Nd7 23. Nd2 Bd4 24. Nf3 Qb6 25. Qe2 Rfd8 26. a5 Qd6 27. Bxd4
cxd4 28. e5 Qc7 29. h4 Nc5 30. h5 h6 31. Rac1 Qxa5 32. g4 Nb3 33. Rxc8 Rxc8 34.
g5 Qc5 35. gxh6 Qc2 36. Nd2 Bxd3 37. Qg4 Qxd1+ 38. Qxd1 Rc1 39. Qxc1 Nxc1 40.
hxg7 Kxg7 41. Bc6 Bc2 42. Kf1 a5 43. Nf3 d3 0-1

[Event "1. Bundesliga 2013/2014"]
[Site "Jenbach, Wolfsberg, St. Veit/Glan"]
[Date "2014.01.31"]
[Round "5"]
[Board "5"]
[White "Boensch, Uwe"]
[Black "Pitl, Gregory"]
[Result "1-0"]
[WhiteElo "2544"]
[BlackElo "2389"]
[PlyCount "115"]
[EventDate "2013.12.06"]
[EventType "team"]
[EventRounds "11"]
[EventCountry "AUT"]
[WhiteTeam "Schachklub Sparkasse Jenbach"]
[BlackTeam "SIR Bernhard Glatz"]

1. d4 d5 2. c4 dxc4 3. Nf3 Nf6 4. e3 Bg4 5. Nbd2 e6 6. Nxc4 Nbd7 7. Be2 Be7 8.
O-O O-O 9. h3 Bh5 10. Bd2 c5 11. Rc1 Qb8 12. dxc5 Nxc5 13. Bb4 Rd8 14. Nd4 Bxe2
15. Qxe2 Nd5 16. Ba3 Ne4 17. Bxe7 Nxe7 18. Na5 Qe5 19. b4 Rd7 20. Nf3 Qd5 21.
Rc4 e5 22. Qc2 f5 23. Rc7 b6 24. Rxd7 Qxd7 25. Nxe5 Qe6 26. Nac6 Nd5 27. Qb3
Re8 28. Rd1 Nef6 29. b5 f4 30. exf4 Nxf4 31. Qxe6+ Nxe6 32. Nxa7 Nc5 33. Nac6
Nfe4 34. Rc1 Nd6 35. Rb1 Nde4 36. Nc4 Nc3 37. Rb2 N5a4 38. Rd2 Nxb5 39. Kh2
Nbc3 40. a3 g6 41. f3 b5 42. N4e5 Nb6 43. Rd3 Nbd5 44. Ng4 Re2 45. Nb4 Nxb4 46.
axb4 Na2 47. Rd7 h5 48. Nf6+ Kf8 49. Rd4 Rb2 50. Nd5 Kf7 51. h4 Kg7 52. Kh3 Kf7
53. g4 hxg4+ 54. Kxg4 Rg2+ 55. Kf4 Nc1 56. Ke5 Ne2 57. Rg4 Ng3 58. Nf4 1-0

[Event "1. Bundesliga 2013/2014"]
[Site "Jenbach, Wolfsberg, St. Veit/Glan"]
[Date "2014.01.31"]
[Round "5"]
[Board "6"]
[White "Seyb, Alexander"]
[Black "Lehner, Oliver"]
[Result "1-0"]
[WhiteElo "2367"]
[BlackElo "2451"]
[PlyCount "68"]
[EventDate "2013.12.06"]
[EventType "team"]
[EventRounds "11"]
[EventCountry "AUT"]
[WhiteTeam "SIR Bernhard Glatz"]
[BlackTeam "Schachklub Sparkasse Jenbach"]

1. e4 c6 2. d4 d5 3. e5 Bf5 4. Nf3 e6 5. Be2 Nd7 6. O-O Ne7 7. Nbd2 Bg6 8. Nh4
c5 9. Nxg6 Nxg6 10. f4 Nh4 11. Kh1 h5 12. c4 Nf5 13. Nf3 dxc4 14. d5 Nb6 15. d6
g6 16. a4 Bh6 17. a5 Nd5 18. Bxc4 Nxf4 19. Qa4+ Kf8 20. Bxf4 Bxf4 21. Bxe6 fxe6
22. Qxf4 Kg7 23. Ng5 Qd7 24. Qc4 Rhe8 25. Ra3 Rac8 26. Raf3 b5 27. axb6 axb6
28. Ne4 b5 29. Qc1 Qc6 30. Nf6 Rh8 31. Qg5 Rcf8 32. Ra3 Rf7 33. Rfa1 h4 34. d7
Qc7 1-0

[Event "1. Bundesliga 2013/2014"]
[Site "Jenbach, Wolfsberg, St. Veit/Glan"]
[Date "2014.01.31"]
[Round "5"]
[Board "1"]
[White "Melkumyan, Hrant"]
[Black "Lenic, Luka"]
[Result "1-0"]
[WhiteElo "2613"]
[BlackElo "2654"]
[PlyCount "85"]
[EventDate "2013.12.06"]
[EventType "team"]
[EventRounds "11"]
[EventCountry "AUT"]
[WhiteTeam "ASVOE Wulkaprodersdorf"]
[BlackTeam "SV Raika Rapid Feffernitz"]

1. d4 Nf6 2. c4 e6 3. Nf3 d5 4. Bg5 h6 5. Bxf6 Qxf6 6. Nc3 Bb4 7. e3 O-O 8. Rc1
Qd8 9. a3 Be7 10. Qc2 a6 11. Bd3 dxc4 12. Bxc4 Nd7 13. Ba2 Bd6 14. Bb1 g6 15.
h4 f5 16. h5 g5 17. Ba2 Nb6 18. Ne5 Bxe5 19. dxe5 Qe8 20. Ne2 c6 21. f4 Nd5 22.
Qd2 Bd7 23. fxg5 hxg5 24. e4 f4 25. exd5 exd5 26. Qd4 Rf5 27. Kd2 Qe6 28. Rce1
Re8 29. Nc3 Rxe5 30. h6 Qf6 31. Rxe5 Qxe5 32. Qxe5 Rxe5 33. Bb1 c5 34. Re1 Rxe1
35. Kxe1 Bc6 36. Kf2 a5 37. g3 fxg3+ 38. Kxg3 d4 39. Ne4 Bxe4 40. Bxe4 b5 41.
a4 bxa4 42. Kg4 Kh8 43. Bd3 1-0

[Event "1. Bundesliga 2013/2014"]
[Site "Jenbach, Wolfsberg, St. Veit/Glan"]
[Date "2014.01.31"]
[Round "5"]
[Board "2"]
[White "Sebenik, Matej"]
[Black "Antoniewski, Rafal"]
[Result "0-1"]
[WhiteElo "2497"]
[BlackElo "2553"]
[PlyCount "150"]
[EventDate "2013.12.06"]
[EventType "team"]
[EventRounds "11"]
[EventCountry "AUT"]
[WhiteTeam "SV Raika Rapid Feffernitz"]
[BlackTeam "ASVOE Wulkaprodersdorf"]

1. d4 Nf6 2. c4 d6 3. Nf3 c6 4. Nc3 Bf5 5. Nh4 Bg6 6. Nxg6 hxg6 7. e4 e5 8. d5
a5 9. g3 Na6 10. Bg2 Be7 11. O-O Nd7 12. Qe2 g5 13. Be3 g6 14. dxc6 bxc6 15.
Na4 Nac5 16. Nxc5 Nxc5 17. Rfd1 Qc7 18. Bxc5 dxc5 19. Qg4 Qc8 20. Qxc8+ Rxc8
21. Rd3 Rb8 22. Rad1 Rb7 23. Bf3 O-O 24. Rd7 Rfb8 25. Bg4 Kf8 26. Rxb7 Rxb7 27.
Rd2 Rb4 28. Be2 Rb8 29. Bd1 Rb4 30. Be2 Rb8 31. Bg4 Rb4 32. b3 a4 33. Rd3 axb3
34. axb3 Rb7 35. Bd7 Rc7 36. Rd1 Rb7 37. Bxc6 Rxb3 38. Ra1 Rb8 39. h3 Rc8 40.
Bd5 Rc7 41. Ra8+ Kg7 42. Kf1 Rd7 43. Ke2 Rd8 44. Ra7 Kf8 45. Kd3 Rb8 46. Kc2
Rd8 47. Rb7 Rd6 48. Rb8+ Rd8 49. Rb5 Rd7 50. Ra5 Rd8 51. Kb3 Rb8+ 52. Rb5 Rd8
53. Ka4 Rd7 54. Ra5 Rd8 55. Kb5 Rd6 56. Ra8+ Kg7 57. Re8 Bf8 58. Rxe5 Rf6 59.
Re8 Rxf2 60. e5 Re2 61. Kc6 Re3 62. g4 Ra3 63. Rc8 Ra7 64. Kb6 Rd7 65. Rc6 Re7
66. Rxc5 Rxe5 67. Rc7 Be7 68. Rxe7 Rxe7 69. c5 Kf6 70. c6 Ke5 71. Bc4 Kd6 72.
Bd3 Re1 73. Kb7 Rc1 74. Be4 Rc3 75. Bg2 f5 0-1

[Event "1. Bundesliga 2013/2014"]
[Site "Jenbach, Wolfsberg, St. Veit/Glan"]
[Date "2014.01.31"]
[Round "5"]
[Board "3"]
[White "Maksimenko, Andrei"]
[Black "Skoberne, Jure"]
[Result "0-1"]
[WhiteElo "2535"]
[BlackElo "2560"]
[PlyCount "132"]
[EventDate "2013.12.06"]
[EventType "team"]
[EventRounds "11"]
[EventCountry "AUT"]
[WhiteTeam "ASVOE Wulkaprodersdorf"]
[BlackTeam "SV Raika Rapid Feffernitz"]

1. Nf3 Nf6 2. g3 b5 3. Bg2 Bb7 4. Na3 a6 5. c4 e5 6. O-O Bxa3 7. bxa3 d6 8. Rb1
c5 9. cxb5 axb5 10. Rxb5 Bc6 11. Rb1 Ba4 12. Qe1 Nc6 13. d3 O-O 14. Bg5 h6 15.
Bxf6 Qxf6 16. Nd2 Ra6 17. Ne4 Qd8 18. Nc3 Qa5 19. Nd5 Nd4 20. Rb2 Bd7 21. Qxa5
Rxa5 22. e3 Nb5 23. Nb6 Be6 24. Nc4 Bxc4 25. dxc4 Nxa3 26. Bd5 Ra4 27. Rc1 Rb4
28. Rb3 Rxb3 29. axb3 Rb8 30. Rc3 Nb1 31. Rd3 Kf8 32. Kf1 Rxb3 33. Rxb3 Nd2+
34. Ke2 Nxb3 35. Kd1 Ke7 36. Kc2 Na5 37. f4 f5 38. Kd3 exf4 39. gxf4 Kd7 40. h4
Nc6 41. Bg2 Nb4+ 42. Kc3 d5 43. Bh3 Ke6 44. Bg2 dxc4 45. Kxc4 Kd6 46. Bh1 Nc6
47. Bg2 Ne7 48. h5 g6 49. hxg6 Nxg6 50. Bf3 Ne7 51. Bg2 h5 52. Bh3 Nd5 53. Kd3
Ke6 54. Bf1 h4 55. Kd2 Nf6 56. Bc4+ Kd6 57. Bf1 Ne4+ 58. Ke1 Ng3 59. Bh3 Kd5
60. Kd2 Kc4 61. Kc2 Kb4 62. e4 fxe4 63. Kd2 c4 64. f5 c3+ 65. Ke3 c2 66. Kd2
Kb3 0-1

[Event "1. Bundesliga 2013/2014"]
[Site "Jenbach, Wolfsberg, St. Veit/Glan"]
[Date "2014.01.31"]
[Round "5"]
[Board "4"]
[White "Diermair, Andreas"]
[Black "Schneider, Ilja"]
[Result "1/2-1/2"]
[WhiteElo "2456"]
[BlackElo "2486"]
[PlyCount "83"]
[EventDate "2013.12.06"]
[EventType "team"]
[EventRounds "11"]
[EventCountry "AUT"]
[WhiteTeam "SV Raika Rapid Feffernitz"]
[BlackTeam "ASVOE Wulkaprodersdorf"]

1. Nf3 d5 2. d4 Nf6 3. c4 c6 4. Nc3 a6 5. c5 Nbd7 6. Bf4 Nh5 7. Bd2 Nhf6 8. Qc2
g6 9. g3 Bg7 10. Bg2 O-O 11. O-O Re8 12. Rad1 Nf8 13. Rfe1 Bf5 14. Qb3 Qc8 15.
Na4 N6d7 16. Bf4 Ne6 17. Be3 Nc7 18. Ne5 Rb8 19. Nxd7 Qxd7 20. Nb6 Qd8 21. Bf4
e5 22. Bxe5 Bxe5 23. dxe5 Rxe5 24. Nc4 Re7 25. Nd6 Bg4 26. Rd2 Ne8 27. Qb4 Be6
28. e4 b6 29. Nxe8 Rxe8 30. exd5 bxc5 31. Qxc5 Bxd5 32. Red1 Qf6 33. Bxd5 cxd5
34. b3 Rb5 35. Qd4 Qxd4 36. Rxd4 Re2 37. R4d2 Rxd2 38. Rxd2 Kf8 39. Kf1 Ke7 40.
Ke2 Kd6 41. Rc2 a5 42. Kd3 1/2-1/2

[Event "1. Bundesliga 2013/2014"]
[Site "Jenbach, Wolfsberg, St. Veit/Glan"]
[Date "2014.01.31"]
[Round "5"]
[Board "5"]
[White "Thiede, Lars"]
[Black "Schreiner, Peter"]
[Result "1/2-1/2"]
[WhiteElo "2448"]
[BlackElo "2455"]
[PlyCount "84"]
[EventDate "2013.12.06"]
[EventType "team"]
[EventRounds "11"]
[EventCountry "AUT"]
[WhiteTeam "ASVOE Wulkaprodersdorf"]
[BlackTeam "SV Raika Rapid Feffernitz"]

1. c4 g6 2. g3 Bg7 3. Bg2 c5 4. Nc3 Nc6 5. d3 Nf6 6. e4 O-O 7. Nge2 d6 8. O-O
Ne8 9. Be3 Nc7 10. d4 cxd4 11. Nxd4 Ne6 12. Nde2 Bd7 13. h3 Rb8 14. Rb1 a6 15.
a4 Na5 16. b3 b5 17. cxb5 axb5 18. axb5 Bxb5 19. Nxb5 Rxb5 20. Qd3 Qb8 21. b4
Nc6 22. Nc3 Bxc3 23. Qxc3 Nxb4 24. Rfc1 Na2 25. Rxb5 Qxb5 26. Qc4 Qxc4 27. Rxc4
Rb8 28. Bd2 Kg7 29. Bf1 Rb2 30. Ba5 Nc5 31. e5 Nb3 32. exd6 exd6 33. Bb6 Rb1
34. Be3 d5 35. Rh4 h5 36. Kg2 Nc3 37. Rb4 d4 38. Bxd4+ Nxd4 39. Rxd4 Rb2 40.
Kf3 Rb7 41. h4 Re7 42. Bd3 Ra7 1/2-1/2

[Event "1. Bundesliga 2013/2014"]
[Site "Jenbach, Wolfsberg, St. Veit/Glan"]
[Date "2014.01.31"]
[Round "5"]
[Board "6"]
[White "Zorko, Jure"]
[Black "Wallner, Joachim"]
[Result "0-1"]
[WhiteElo "2466"]
[BlackElo "2366"]
[PlyCount "68"]
[EventDate "2013.12.06"]
[EventType "team"]
[EventRounds "11"]
[EventCountry "AUT"]
[WhiteTeam "SV Raika Rapid Feffernitz"]
[BlackTeam "ASVOE Wulkaprodersdorf"]

1. e4 Nf6 2. e5 Nd5 3. d4 d6 4. Nf3 dxe5 5. Nxe5 c6 6. Be2 Bf5 7. O-O Nd7 8.
Nf3 e6 9. a3 Bd6 10. Re1 O-O 11. g3 Re8 12. Nbd2 h6 13. Bf1 Bc7 14. c4 N5f6 15.
b4 a5 16. Bb2 axb4 17. axb4 Rxa1 18. Qxa1 Qa8 19. Nb3 Bd6 20. c5 Bf8 21. b5 Be4
22. Nfd2 Bd5 23. b6 Qb8 24. Nc4 Bxc4 25. Bxc4 Nd5 26. Qa4 N7xb6 27. cxb6 Nxb6
28. Qa2 Nxc4 29. Bc3 b5 30. Ra1 e5 31. Qa6 Qd6 32. Rd1 Qd5 33. Qa1 e4 34. Nd2
e3 0-1

[Event "1. Bundesliga 2013/2014"]
[Site "Jenbach, Wolfsberg, St. Veit/Glan"]
[Date "2014.02.01"]
[Round "6"]
[Board "1"]
[White "Baumegger, Siegfried"]
[Black "Lenic, Luka"]
[Result "0-1"]
[WhiteElo "2476"]
[BlackElo "2654"]
[PlyCount "80"]
[EventDate "2013.12.06"]
[EventType "team"]
[EventRounds "11"]
[EventCountry "AUT"]
[WhiteTeam "tschaturanga"]
[BlackTeam "SV Raika Rapid Feffernitz"]

1. d4 Nf6 2. Nf3 e6 3. e3 b6 4. Bd3 Bb7 5. O-O Be7 6. c4 O-O 7. Nc3 d5 8. cxd5
exd5 9. b3 a6 10. Bb2 Nbd7 11. Rc1 Bd6 12. Ne2 Qe7 13. Ng3 g6 14. Qc2 Rfc8 15.
Qb1 Re8 16. Qc2 Rec8 17. Qb1 Ne4 18. Qa1 f6 19. Rc2 Re8 20. a4 Kg7 21. Rd1 Rac8
22. Bf1 f5 23. a5 b5 24. Bd3 Kg8 25. Bxe4 dxe4 26. Ne5 Bd5 27. Rdc1 Bxb3 28.
Rc6 Nb8 29. R6c3 Bd5 30. Ne2 g5 31. h4 h6 32. hxg5 hxg5 33. Ng3 Qe6 34. Qb1 Nd7
35. Nxd7 Qxd7 36. Ba3 b4 37. Bxb4 Rb8 38. Rc5 Bxc5 39. Rxc5 c6 40. Qe1 f4 0-1

[Event "1. Bundesliga 2013/2014"]
[Site "Jenbach, Wolfsberg, St. Veit/Glan"]
[Date "2014.02.01"]
[Round "6"]
[Board "2"]
[White "Sebenik, Matej"]
[Black "Srienz, Christian"]
[Result "1-0"]
[WhiteElo "2497"]
[BlackElo "2280"]
[PlyCount "97"]
[EventDate "2013.12.06"]
[EventType "team"]
[EventRounds "11"]
[EventCountry "AUT"]
[WhiteTeam "SV Raika Rapid Feffernitz"]
[BlackTeam "tschaturanga"]

1. Nf3 Nf6 2. c4 e6 3. Nc3 d5 4. d4 Be7 5. Bf4 O-O 6. a3 c5 7. dxc5 Bxc5 8. e3
Nc6 9. Qc2 Qa5 10. Rd1 Be7 11. Be2 dxc4 12. Bxc4 e5 13. Bg3 Bg4 14. O-O Rad8
15. Rxd8 Bxd8 16. Ng5 Bh5 17. Nge4 Ne8 18. Qb3 Qb6 19. Qa2 a6 20. b4 Kh8 21. h3
Qc7 22. Rc1 Nd6 23. Nxd6 Qxd6 24. Ne4 Qe7 25. Nc5 Bb6 26. Nxb7 Qxb7 27. Bd5
Nxb4 28. axb4 Qa7 29. Bxe5 f6 30. Bd6 Rd8 31. Bc5 Be8 32. e4 Bb5 33. Qa1 Re8
34. Qd4 Bxc5 35. Rxc5 Qe7 36. Qc3 h6 37. Qg3 Rd8 38. Rc7 Rd7 39. Rc8+ Rd8 40.
Qb8 Rxc8 41. Qxc8+ Qe8 42. Qxe8+ Bxe8 43. Bc4 Bc6 44. f3 Bb7 45. Kf2 Kh7 46.
Ke3 Kg6 47. Kd4 Kg5 48. g3 h5 49. h4+ 1-0

[Event "1. Bundesliga 2013/2014"]
[Site "Jenbach, Wolfsberg, St. Veit/Glan"]
[Date "2014.02.01"]
[Round "6"]
[Board "3"]
[White "Sadilek, Peter"]
[Black "Skoberne, Jure"]
[Result "0-1"]
[WhiteElo "2240"]
[BlackElo "2560"]
[PlyCount "86"]
[EventDate "2013.12.06"]
[EventType "team"]
[EventRounds "11"]
[EventCountry "AUT"]
[WhiteTeam "tschaturanga"]
[BlackTeam "SV Raika Rapid Feffernitz"]

1. d4 c5 2. d5 e5 3. e4 d6 4. Bb5+ Nd7 5. a4 Be7 6. Nf3 Ngf6 7. Nc3 O-O 8. O-O
Ne8 9. a5 Nc7 10. Be2 Nf6 11. Nd2 Bd7 12. Nc4 Nb5 13. Bd3 Nxc3 14. bxc3 Bb5 15.
Qe2 Ba6 16. Bd2 Qc7 17. g3 Rfe8 18. h4 Bf8 19. Kg2 Nxd5 20. exd5 e4 21. Qg4
exd3 22. cxd3 b5 23. axb6 axb6 24. Bf4 b5 25. Ne3 b4 26. c4 Bc8 27. Rxa8 Bxg4
28. Rxe8 Bh3+ 29. Kg1 Bxf1 30. Kxf1 Qd7 31. Rb8 f6 32. g4 Kf7 33. Nf5 g6 34.
Ne3 Qa7 35. Rb5 Ke8 36. Kg2 Kd7 37. Nf1 Kc8 38. Ng3 Be7 39. Ne4 Qa6 40. Kf3 f5
41. gxf5 gxf5 42. Nd2 Qa1 43. Ke2 Qd4 0-1

[Event "1. Bundesliga 2013/2014"]
[Site "Jenbach, Wolfsberg, St. Veit/Glan"]
[Date "2014.02.01"]
[Round "6"]
[Board "4"]
[White "Diermair, Andreas"]
[Black "Wukits, Rene"]
[Result "1-0"]
[WhiteElo "2456"]
[BlackElo "2267"]
[PlyCount "57"]
[EventDate "2013.12.06"]
[EventType "team"]
[EventRounds "11"]
[EventCountry "AUT"]
[WhiteTeam "SV Raika Rapid Feffernitz"]
[BlackTeam "tschaturanga"]

1. Nf3 c5 2. c4 b6 3. Nc3 Bb7 4. e3 e6 5. d4 Nf6 6. d5 exd5 7. cxd5 d6 8. e4
Nbd7 9. Be2 a6 10. a4 g6 11. Nd2 Bg7 12. Nc4 Ne5 13. Nxe5 dxe5 14. O-O O-O 15.
Bg5 h6 16. Be3 Rc8 17. Qd2 Kh7 18. f4 exf4 19. Bxf4 Nd7 20. Bg4 Ne5 21. Bxc8
Bxc8 22. Qe2 Kg8 23. Kh1 Re8 24. Bg3 Qd7 25. Rad1 b5 26. axb5 axb5 27. Qxb5
Qxb5 28. Nxb5 Bg4 29. Nd6 1-0